000
00423nam a2200145Ia 4500
008
100204s9999 xx 000 0 und d
082
_b
9449
100
_a
थोरे अशोक श्रीधर
245
_a
बेछूट
260
_b
"उदयदीप प्रकाशन , मुंबई"
_c
1987
300
_a
192
630
_a
बेछूट
730
_a
बेछूट
942
_c
BOOK
999
_c
453885
_d
453882